| 000 | 00969nam a22003257a 4500 | ||
|---|---|---|---|
| 001 | BR0403876 | ||
| 003 | BR-BrBNA | ||
| 005 | 20230928101701.0 | ||
| 007 | ta | ||
| 008 | 230509b bl.||||| |||| 00| 0 por d | ||
| 040 |
_aBR-BrBNA _bpor _cBiblioteca Nacional de Agricultura |
||
| 041 | _a(Eng) | ||
| 072 |
_aF61 _b0120 _b0337 |
||
| 090 | _ 0120 BR0403876 | ||
| 100 | 1 | _aMassignam, A.M. | |
| 110 | 1 |
_aUniversity of Queensland. School of Land Food Sciences (Australia) _911335 |
|
| 245 | 1 | _aQuantifying nitrogen effects on crop growth processes in maize and sunflower | |
| 260 | 3 |
_aQueensland (Australia): _c2003. |
|
| 300 | _a237 p. | ||
| 500 | _aBibliography p. 211-228; 19 tables; 60 illus.; Summary (Eng) | ||
| 650 | _aMILHO | ||
| 650 | _aGIRASSOL | ||
| 650 | _aFOTOSSINTESE | ||
| 650 | _aABSORÇÃO DE NUTRIENTES | ||
| 650 | _aRENDIMENTO | ||
| 650 | _aNITROGENIO | ||
| 650 | _aCRESCIMENTO | ||
| 909 |
_a202309 _bLucia _c55 _dLucia Elande |
||
| 942 | _cBK | ||
| 999 |
_c67049 _d67049 |
||